00726nam a2200205Ia 4500001000600000003000500006008004100011010001100052040000900063100002700072245011600099260004100215300001000256502008100266650002900347650003600376650002900412650004400441700003500485Z_394CHAP220113s1989 xx 000 0 und d a163370 cCHAP aEstrada Escobar, Pedro aUso de la escamocha molida en la engorda de pollo /cpor Pedro Estrada Escobar y José Antonio Ramírez Rida aChapingo, Méx. :bEl autor,c1989 a29 h. aTesis (Ing. Agrónomo Esp. en Zootecnia) -- UACH. Departamento de Zootecnia aAlimentosxSubproductos  aAves de corralxAlimentación  aAves de corralxEngorda  aEscamocha molida en la engorda de pollo aRamírez Rida, José Antonio